|
|
|
|
| LEADER |
00000nab a2200000 a 4500 |
| 001 |
vtls001014822 |
| 003 |
SK-MaSNL |
| 005 |
20260303165344.0 |
| 008 |
040720e19970825xo 0 slo |
| 035 |
|
|
|a SN775
|
| 040 |
|
|
|a SNSK
|b slo
|c SNSK
|e AACR2
|
| 041 |
0 |
|
|a slo
|
| 044 |
|
|
|a xo
|c SK
|
| 080 |
|
|
|a 621.798
|2 1981
|
| 100 |
1 |
|
|a Rerková, Gabriela
|4 aut
|9 267655
|
| 245 |
1 |
0 |
|a Obaly z markušovskej výrobne sú vhodné na jogurty i odevy
|
| 300 |
|
|
|b 1 foto
|
| 610 |
2 |
7 |
|a Mito-Produkt, Markušovce
|2 SNSK
|9 1191580
|
| 650 |
0 |
7 |
|a obaly
|2 SNSK
|9 16768
|
| 650 |
0 |
7 |
|a informácie
|2 SNSK
|9 1285
|
| 651 |
|
7 |
|a Markušovce (Slovensko)
|2 SNSK
|9 31735
|
| 651 |
|
7 |
|a SN,
|2 SNSK
|9 1021277
|
| 655 |
|
7 |
|a periodikum
|2 snkbucl
|9 29553
|
| 710 |
2 |
|
|a Mito-Produkt, Markušovce
|4 aut
|9 1191580
|
| 773 |
0 |
8 |
|t Spišský kuriér
|g Roč. 6, č.34, 25.8.1997, s. 5
|
| 852 |
|
|
|a ZVYKNI
|b KIS3GCP
|
| 999 |
|
|
|c 2071249
|d 2073179
|